IFM Opac

COCOA A TRADERS GUIDE (Record no. 17095)

MARC details
000 -LEADER
fixed length control field 00353nam a22001457a 4500
082 ## - DEWEY DECIMAL CLASSIFICATION NUMBER
Classification number 380.141CUR
100 ## - MAIN ENTRY--PERSONAL NAME
Personal name CURTIS B.N
245 ## - TITLE STATEMENT
Title COCOA A TRADERS GUIDE
260 ## - PUBLICATION, DISTRIBUTION, ETC.
Place of publication, distribution, etc. GENEVA
Name of publisher, distributor, etc. INTERNATIONAL TRADE CENTER UNCTAD/GATT
Date of publication, distribution, etc. 1987
300 ## - PHYSICAL DESCRIPTION
Extent 269p
Other physical details ill;23cm
500 ## - GENERAL NOTE
General note include,index
650 ## - SUBJECT ADDED ENTRY--TOPICAL TERM
Topical term or geographic name entry element traders guide
700 ## - ADDED ENTRY--PERSONAL NAME
Personal name curtis.b.n
942 ## - ADDED ENTRY ELEMENTS (KOHA)
Koha item type Books
Holdings
Withdrawn status Lost status Damaged status Not for loan Home library Current library Shelving location Date acquired Total Checkouts Full call number Barcode Date last seen Price effective from Koha item type
        IFM Main Campus Library IFM Main Campus Library Archival Collection 07/27/2017   380.141CUR 0000001827 07/27/2017 02/19/2022 Books